000 00638nam a22001937a 4500
005 20250430120532.0
010 _aENG-144744
020 _a9788197279546
_c425.00
035 _aEN-128276
037 _bDBAD
082 _a510
245 _aChronicle SSC-CGL Mathematics :
_bTCS PYQ Practice Book
_cEdited by N.N. Ojha
260 _aNoida
_bChronicle Publication
_c2024
270 _aA-27D, Sector 16
_bNoida
_e201301
_k0120-2514610/12
_minfo@chronicleindia.in
300 _aVarious Pages.
_c28cm(pbk)
500 _a75 Practice Sets 2021-2023 Solved Papers
700 _aOjha, N.N.
_977953
942 _2ddc
_cEN
_h510
_mCHR
999 _c209335
_d209335